Statistics for Growing Old On Bleecker Street - AJR

Click here to take the quiz!

General Stats

  • This quiz has been taken 13 times
  • The average score is 161 of 201

Answer Stats

Answer% Correct
a
100%
And
100%
and
100%
Bleecker
100%
dream
100%
grow
100%
I
100%
old
100%
on
100%
Street
100%
That
100%
that
100%
The
100%
the
100%
We
100%
we
100%
But
92%
last
92%
me
92%
night
92%
was
92%
You
92%
you
92%
be
83%
cry
83%
forever
83%
gone
83%
if
83%
If
83%
in
83%
it
83%
Like
83%
lost
83%
may
83%
meant
83%
my
83%
our
83%
than
83%
then
83%
there
83%
to
83%
together
83%
wash
83%
we'd
83%
when
83%
Who
83%
will
83%
Will
83%
you're
83%
beside
75%
by
75%
fire
75%
from
75%
guitar
75%
Happier
75%
memory
75%
No
75%
OK
75%
play
75%
point
75%
rain
75%
Saying
75%
Sit
75%
someone
75%
up
75%
without
75%
woke
75%
alone
67%
are
67%
crying
67%
dreaming
67%
dreams
67%
I'd
67%
it's
67%
only
67%
river
67%
road
67%
walking
67%
we're
67%
wonder
67%
can't
58%
I'll
58%
leave
58%
living
58%
now
58%
out
58%
remember
58%
still
58%
take
58%
there's
58%
time
58%
what
58%
all
50%
at
50%
believing
50%
cannot
50%
down
50%
green
50%
matter
50%
moon
50%
not
50%
rush
50%
Sometimes
50%
timed
50%
tough
50%
white
50%
written
50%

Score Distribution

Percentile by Number Answered

Percent of People with Each Score

Your Score History

You have not taken this quiz